书目信息 |
| 题名: |
中日跨文化交际实务
|
|
| 作者: | 王南 主编 | |
| 分册: | ||
| 出版信息: | 天津 南开大学出版社 2011.01 |
|
| 页数: | 296页 | |
| 开本: | 21cm | |
| 丛书名: | ||
| 单 册: | ||
| 中图分类: | G04 | |
| 科图分类: | ||
| 主题词: | 比较文化--bi jiao wen hua--研究--汉、日--中国--中国 | |
| 电子资源: | ||
| ISBN: | 978-7-310-03603-5 | |
| 000 | 00942nam0 2200253 450 | |
| 001 | B20110017329 | |
| 005 | 20110715164019.09 | |
| 010 | @a978-7-310-03603-5@dCNY18.00 | |
| 100 | @a20110310d2011 km y0chiy50 ea | |
| 101 | 0 | @achi@ajpn |
| 102 | @aCN@b120000 | |
| 105 | @aa z 000yy | |
| 106 | @ar | |
| 200 | 1 | @a中日跨文化交际实务@Azhong ri kua wen hua jiao ji shi wu@f王南主编 |
| 210 | @a天津@c南开大学出版社@d2011.01 | |
| 215 | @a296页@c图@d21cm | |
| 330 | @a本书共分六章。阐述了中日跨文化交际过程中,需要了解和掌握的一些事项。如:日本人表达观点的一些特征;日语中一些省略、间接、委婉的表现;日本的企业文化、日本人的工作观;日企就职面试的注意事项;日本料理的基本礼仪、中国学生赴日留学的概况和一些常见问题等。 | |
| 333 | @a大学日语专业本科生 | |
| 586 | @a | |
| 606 | 0 | @a比较文化@Abi jiao wen hua@x研究@x汉、日@y中国@y中国 |
| 690 | @aG04@v5 | |
| 701 | 0 | @a王南@Awang nan@4主编 |
| 801 | 0 | @aCN@c20110610 |
| 905 | @dG04@eW295@f3 | |
| 中日跨文化交际实务/王南主编.-天津:南开大学出版社,2011.01 |
| 296页:图;21cm |
| 使用对象:大学日语专业本科生 |
| ISBN 978-7-310-03603-5:CNY18.00 |
| 本书共分六章。阐述了中日跨文化交际过程中,需要了解和掌握的一些事项。如:日本人表达观点的一些特征;日语中一些省略、间接、委婉的表现;日本的企业文化、日本人的工作观;日企就职面试的注意事项;日本料理的基本礼仪、中国学生赴日留学的概况和一些常见问题等。 |
| ● |
| 相关链接 |
|
|
|
正题名:中日跨文化交际实务
索取号:G04/W295
 
预约/预借
| 序号 | 登录号 | 条形码 | 馆藏地/架位号 | 状态 | 备注 |
| 1 | 884438 | 208844385 | 社科库409/409社科库 55排6列4层/ [索取号:G04/W295] | 在馆 | |
| 2 | 884439 | 208844394 | 社科库409/409社科库 55排6列4层/ [索取号:G04/W295] | 在馆 | |
| 3 | 884440 | 208844401 | 社科库409/409社科库 55排6列4层/ [索取号:G04/W295] | 在馆 |